00193nam a2200085Ia 4500008004100000020001800041082001200059100001500071245002100086220713s9999 xx 000 0 und d a9780799393330 aAF CILL aCILLIERS S 0aHUIS VAN GRUWELS